000 00298nam a22001457a 4500
003 SGT
020 _a9789389991581
082 _a341
_bAHU
100 _aAHUJA V K
245 _aPUBLIC INTERNATIONAL LAW
250 _a2
260 _aGURGAON
_bLEXIS NEXIS
_c2025
300 _a434
942 _2ddc
_cBK
999 _c34122
_d34122